Mathematics II Probability and Statistics (Record no. 5838)

MARC details
000 -LEADER
fixed length control field 00394nam a22001457a 4500
005 - DATE AND TIME OF LATEST TRANSACTION
control field 20190430171145.0
008 - FIXED-LENGTH DATA ELEMENTS--GENERAL INFORMATION
fixed length control field 190430b xxu||||| |||| 00| 0 eng d
020 ## - INTERNATIONAL STANDARD BOOK NUMBER
ISBN 9789933381301
041 ## - LANGUAGE CODE
Language code of text/sound track or separate title eng
100 ## - MAIN ENTRY--AUTHOR NAME
Personal name Bhui,Bikas Chandra & Chatterjee
245 ## - TITLE STATEMENT
Title Mathematics II Probability and Statistics
260 ## - PUBLICATION, DISTRIBUTION, ETC. (IMPRINT)
Place of publication Gaziabad
Name of publisher Vikas Publishing House
Year of publication 2019
300 ## - PHYSICAL DESCRIPTION
Number of Pages 483p
942 ## - ADDED ENTRY ELEMENTS (KOHA)
Koha item type Books
Holdings
Lost status Damaged status Home library Current library Shelving location Date acquired Source of acquisition Cost, normal purchase price Accession Number Koha item type Collection code
    JRU Library   SHELF-57-B 30/04/2019 purchase 250.00 23088 Books  
    JRU Library   SHELF-57-B 30/04/2019 purchase 250.00 23089 Books  
    JRU Library   SHELF-57-B 30/04/2019 purchase 250.00 23090 Books  
    JRU Library JRU Library SHELF-3-E 30/04/2019 purchase 250.00 23091 Books  
    JRU Library   SHELF-57-B 30/04/2019 purchase 250.00 23092 Books  
    JRU Library   SHELF-57-B 30/04/2019 purchase 250.00 23093 Books  
    JRU Library   SHELF-57-B 30/04/2019 purchase 250.00 23094 Books PHARMACY
    JRU Library   SHELF-57-B 30/04/2019 purchase 250.00 23095 Books PHARMACY
    JRU Library   SHELF-57-B 30/04/2019 purchase 250.00 23096 Books  
    JRU Library   SHELF-57-B 30/04/2019 purchase 250.00 23097 Books  
    JRU Library   SHELF-57-B 30/04/2019 purchase 250.00 23098 Books  
    JRU Library   SHELF-57-B 30/04/2019 purchase 250.00 23099 Books  
    JRU Library   SHELF-57-B 30/04/2019 purchase 250.00 23100 Books  
    JRU Library   SHELF-57-B 30/04/2019 purchase 250.00 23101 Books  
    JRU Library   SHELF-57-B 30/04/2019 purchase 250.00 23102 Books PHARMACY